Statistics for 2022-23 NBA PLAYER BY PICTURE

Click here to take the quiz!

General Stats

  • This quiz has been taken 98 times
  • The average score is 13 of 16

Answer Stats

Answer% Correct
Kevin Love
96%
Marcus Smart
94%
Tyler Herro
93%
Austin Reaves
91%
Kyrie Irving
91%
Domantas Sabonis
86%
Julius Randle
82%
CJ McCollum
79%
Jusuf Nurkic
79%
Dejounte Murray
76%
Spencer Dinwiddie
75%
Collin Sexton
74%
Mike Conley
73%
Keegan Murray
61%
Bennedict Mathurin
60%
Trey Murphy III
44%

Score Distribution

Percentile by Number Answered

Percent of People with Each Score

Your Score History

You have not taken this quiz